| 000 | 00863cab a2200229 4500 | ||
|---|---|---|---|
| 001 | WB3442-13 | ||
| 008 | 090401t1998 xxu||||| |||| 00| 0 eng d | ||
| 035 | _a(Sirsi) u89544 | ||
| 041 | _aeng | ||
| 245 | _aConfidence suffers 22% fall | ||
| 260 | _c1998 | ||
| 350 | _a0 | ||
| 490 |
_aRICS Press Release _v(pr128.com) 4 November 1998 (2) |
||
| 520 | _aIn the first of a new series of commercial market sector reports the RICS Office Market Survey reveals the biggest drop in confidence since 1994. Copies of full survey available from Kate Hart on 0171-334-3721) | ||
| 650 | _aPROPERTY-COMMERCIAL PROPERTY | ||
| 650 | _aPROPERTY-COMMERCIAL PROPERTY-OFFICE PROPERTY-OFFICE PROPERTY MARKET | ||
| 650 | _aOFFICE SECTOR | ||
| 650 | _aRICS SURVEY | ||
| 690 | _aPROPERTY-COMMERCIAL PROPERTY-COMMERCIAL PROPERTY MARKET | ||
| 942 | _n0 | ||
| 948 | _c06/11/1998 | ||
| 999 |
_c56669 _d56669 |
||